000 00419nam a2200157Ia 4500
008 210210b1979 xxu||||| |||| 00| 0 eng d
020 _a0 7069 0972 0
082 _a327.54 BHAI
100 _aBHATIA (Shyam).
245 _aIndia's nuclear bomb.
260 _aGhaziabad
_bVikas Publishing House Pvt Ltd.
_c1979
300 _a169
650 _aIndia Nuclear Bomb
690 _aInternational Relations
906 _a034541
999 _c85067
_d85067